00525nam a2200193 a 4500001001300000003000900013005001700022008004100039020001000080082001700090100002400107245004800131260003800179300001000217500003500227505001500262650003000277700002400307nice12345678IN_TiNIC20260116011901.0050524s1970 dela grp 000 0 urd  ac10000a297.122bPAR aParekh, Abdul Karim aQaum-E-Yahud Aur Ham Qur`an Ki Raushni Mein aDelhibJamal Printing Pressc1970 a480p. aincludes index and biblioraphy2 aManuscript aQuran-Relation to the Jew1 aParekh, Abdul Karim